=LDR 00000nam 2200000 4500 =001 INLIS000000000032614 =005 20130612134619 =008 ***********************************ind** =035 ##$$0010-061300000032614 =041 ##$$a ind =082 ##$$a 028.5 =090 ##$$a 028.5, Mah l =100 ##$$a MAHARANI =245 ##$$a Little Lhon Dhonk, Maharani ; Editor, Eva Yuliana =260 ##$$a 2008 $b Jakarta =300 ##$$a 48 hlm, illus, 22 cm =650 ##$$a Bacan Kanak-kanak =700 ##$$a Yuliana, Eva =850 ##$$a NBPNMAT